Pred okresnými konferenciami [ČSZŽ]

Podrobná bibliografia
Médium: Článok
Jazyk:slovenčina
Predmet:

MARC

LEADER 00000nab a2200000 a 4500
001 vtls008773221
003 SK-MaSNL
005 20260303062521.0
008 050527 1977 xo 000 0 slo
015 |a SNBRB1977 
040 |a SNKBUCL  |b slo  |c SNKBUCL  |e AACR2 
041 0 |a slo 
044 |a xo  |c SK 
080 |a 396(437)  |2 2001 
245 0 0 |a Pred okresnými konferenciami  |b [ČSZŽ] 
610 2 7 |a Československý zväz žien  |x okresné konferencie  |y 1977  |2 snkbucl  |9 1058390 
773 0 |t Funkcionárka  |g Č. 1 (1977), s. 3 
999 |c 1739477  |d 1741407